000 00372nam a2200145Ia 4500
005 20251222153625.0
008 251222s9999||||xx |||||||||||||| ||spa||
020 _a8470523937
082 _a346.045/F42
100 _aFernández, Tomás-Ramón
245 0 _aManual de Derecho Urbanístico
250 _a19a. ed.
264 _bWolters Kluwer España, S.A.
942 _cLIB
999 _c32128
_d32128